LEADER 01112nam0 22003133i 450 001 RMS0030955 005 20251003044343.0 100 $a19971110d1971 ||||0itac50 ba 101 | $aita 102 $ait 181 1$6z01$ai $bxxxe 182 1$6z01$an 200 1 $aˆL'‰oleodinamica$eprincipi, componenti, circuiti$fHanno Speich, Aurelio Bucciarelli 205 $a[2. ed.] 210 $aMilano$cTecniche Nuove$dstampa 1971 215 $a728 p.$cill.$d25 cm. 606 $aOleodinamica$2FIR$3SBLC003013$9E 676 $a532$9MECCANICA DEI FLUIDI. MECCANICA DEI LIQUIDI$v14 676 $a532.5$9$v22 700 1$aSpeich$b, Hanno$3SBLV038148$4070$030606 701 1$aBucciarelli$b, Aurelio$3SBLV038149$4070$0556619 801 3$aIT$bIT-000000$c19971110 850 $aIT-BN0095 901 $bNAP 01$cSALA DING $n$ 912 $aRMS0030955 950 0$aBiblioteca Centralizzata di Ateneo$b1 v.$c1 v.$d 01SALA DING 532 SPE.ol$e 0102 0000055885 VMA A4 1 v.$fY $h20050119$i20050119 977 $a 01 996 $aOleodinamica$944633 997 $aUNISANNIO